Tablas matemáticas, fórmulas y curvas de Rinehart
Bewaard in:
| Hoofdauteur: | |
|---|---|
| Formaat: | Boek |
| Taal: | Spaans |
| Gepubliceerd in: |
Ciudad de México
Interamericana
1973
|
| Editie: | 2a. ed |
| Onderwerpen: | |
| Tags: |
Voeg label toe
Geen labels, Wees de eerste die dit record labelt!
|
MARC
| LEADER | 00000nam a2200000 a 4500 | ||
|---|---|---|---|
| 001 | UCX9197 | ||
| 003 | CL-VaPUC | ||
| 008 | 940520e19730000MX |||||||||||||||||spa|d | ||
| 082 | 0 | 4 | |a 510.212 |b LAR |2 21 |
| 100 | |a Larsen, Harold D |e author |9 539398 | ||
| 245 | 1 | 0 | |a Tablas matemáticas, fórmulas y curvas de Rinehart |
| 250 | |a 2a. ed | ||
| 300 | |a 280 p | ||
| 942 | |c BK | ||
| 945 | |d 19940520 00:00:00 |a mfernand | ||
| 260 | |a Ciudad de México |b Interamericana |c 1973 | ||
| 650 | 0 | |a Matemática |9 260235 | |
| 650 | 7 | |a TABLAS |2 CL-VaPUC |9 262082 | |
| 650 | 7 | |a FORMULAS |2 CL-VaPUC |9 326546 | |
| 583 | |a last modification |c 19940520 00:00:00 |k Rodrigo Vera | ||
| 999 | |c 228509 |d 228507 | ||
| 952 | |0 0 |1 0 |4 0 |6 510_212000000000000_LAR_1973 |7 0 |8 A |9 228673 |a BIBALI |b BIBALI |c GEN |d 2019-11-15 |i 3199940 |o 510.212 LAR 1973 |p 3199940 |r 2025-01-20 |w 2019-11-15 |y BK |k ALI | ||
| 952 | |0 0 |1 0 |4 0 |6 510_212000000000000_LAR_1973 |7 0 |8 A |9 228676 |a BIBGIM |b BIBGIM |d 2019-11-15 |i 1401718 |o 510.212 LAR 1973 |p 1401718 |r 2025-01-15 |w 2019-11-15 |y BK |k COM | ||
| 952 | |0 0 |1 0 |4 0 |6 510_212000000000000_LAR_1973 |7 0 |8 A |9 228677 |a BIBGIM |b BIBGIM |d 2019-11-15 |i 1401769 |o 510.212 LAR 1973 |p 1401769 |r 2025-01-15 |w 2019-11-15 |y BK |k COM | ||
| 952 | |0 0 |1 0 |4 0 |6 510_212000000000000_LAR_1973 |7 0 |8 A |9 228678 |a BIBMEC |b BIBMEC |d 2019-11-15 |i 1322834 |o 510.212 LAR 1973 |p 1322834 |r 2024-01-19 |w 2019-11-15 |y BK |k MEC | ||
| 952 | |0 0 |1 0 |4 0 |6 510_212000000000000_LAR_1973 |7 0 |8 A |9 228679 |a BIBMEC |b BIBMEC |d 2019-11-15 |i 1322885 |o 510.212 LAR 1973 |p 1322885 |r 2019-11-15 |w 2019-11-15 |y BK |k MEC | ||
| 952 | |0 0 |1 0 |4 0 |6 510_212000000000000_LAR_1973 |7 0 |8 A |9 228680 |a BIBMEC |b BIBMEC |d 2019-11-15 |i 1322982 |o 510.212 LAR 1973 |p 1322982 |r 2024-01-19 |w 2019-11-15 |y BK |k MEC | ||
| 952 | |0 0 |1 0 |4 0 |6 510_212000000000000_LAR_1973 |7 0 |8 A |9 228681 |a BIBMEC |b BIBMEC |d 2019-11-15 |i 1322931 |o 510.212 LAR 1973 |p 1322931 |r 2024-01-19 |w 2019-11-15 |y BK |k MEC | ||